000 00738nac a22001931u 4500
010 _a
020 _a0753711338 :
082 0 0 _a291.1/3
_bI642
090 _c1949
_d1949
100 _aIons, Veronica.
245 1 4 _aThe world's mythology in colour /
_cVeronica Ions ; introduction by Jacquetta Hawkes.
260 _aLondon ;
_aNew York :
_bHamlyn,
_c2005.
300 _a350 p. :
_bchiefly ill. (chiefly col.) ;
_c29 cm.
500 _aIncludes index.
504 _aBibliography: p. 340-341.
650 0 _aMythology.
942 _cBB
_k291.1/3
999 _c1949
_d1949